000 00404nam a2200169Ia 4500
003 0STCL
008 150530s9999 xx 000 0 und d
040 _aSTCL
_cSTCL
100 _aKenneth Kurihara, K.
245 _aIntroduction to Keynesian dynamics
250 _aFirst
260 _bGeorge Allen and Unwin
_c1964
546 _aEnglish
942 _2ddc
_cBK
999 _c8731
_d8731
005 20220125165515.0